| 000 | 00419nam a2200157Ia 4500 | ||
|---|---|---|---|
| 008 | 210716s1988 xx 000 0 und d | ||
| 020 | _a8120403010 | ||
| 041 | _aeng | ||
| 082 | _a005.133 ALAS | ||
| 100 | _aAlam, S S;Sen, S K. | ||
| 245 | _aComputer and computing with fortran 77. | ||
| 250 | _a1 | ||
| 260 |
_aNew Delhi _bOxford & IBH publishing co. ltd _c1988 |
||
| 300 | _a594 | ||
| 650 | _aComputer Fundamentals | ||
| 999 |
_c181229 _d181229 |
||